Борхүү Одхүү Төмөрхүү гурвын адал явдал-4 (Бичлэгийн дугаар. 1132943)
[ энгийн харах ]
| 000 -Удирдлага | |
|---|---|
| Ном зүйн бүртгэл тоо буюу кодлох утгыг агуулсан | 00920nam a22002657a 4500 |
| 008 - ЕРӨНХИЙ МЭДЭЭЛЭЛ-ЭЛЕМЕНТҮҮДИЙН ӨГӨГДЛИЙН УРТ | |
| fixed length control field | 240821b mp ||||| |||| 00| 0 mon d |
| 035 ## - СИСТЕМИЙН ХЯНАЛТЫН ДУГААР | |
| Системийн хяналтын дугаар | 7671 |
| 040 ## - ЭХ СУРВАЛЖИЙГ ТОДОРХОЙЛОН БИЧИХ | |
| Анхны каталогийн байгууллага | DXO45059 |
| Каталогийн хэл | Монгол |
| Бичлэг хийж нэвтрүүлэх байгууллага | MN-UlNLM |
| Өөрчлүүлэх байгууллага | MN-UlNLM |
| Бичиглэлийн тодорхойлолт | rda |
| 041 ## - ХЭЛНИЙ КОД | |
| Текстийн хэлний код/фонограм буюу салангид гарчиг | Монгол |
| 082 ## - ДЬЮИ АРАВТЫН АНГИЛЛЫН ДУГААР | |
| Дьюигийн аравтын ангилал | 10-t |
| Classification number | 808.899.282 |
| Item number | Б- 335 |
| 100 ## - ЗОХИОГЧИЙН ХЭСЭГ | |
| Зохиогчийн нэр | Батжаргал Ш. |
| 245 #0 - ҮНДСЭН ГАРЧИГ | |
| Гарчиг | Борхүү Одхүү Төмөрхүү гурвын адал явдал-4 |
| 245 #0 - ҮНДСЭН ГАРЧИГ | |
| Гарчигт хамааралтай мэдээ | комик цуврал |
| 245 #0 - ҮНДСЭН ГАРЧИГ | |
| Оролцогчдын тухай мэдээ | зур: С. Цогтбаяр |
| 250 ## - ХЭВЛЭЛТИЙН ТУХАЙ МЭДЭЭ | |
| Дахин хэвлэлтийн мэдээ | 3 |
| 264 ## - ГАРАЛТЫН МЭДЭЭ | |
| Хэвлэгдсэн газар | УБ |
| Бүтээгч, хэвлэгч, түгээгч, үйлдвэрлэгчийн нэр | Интерпресс ХК |
| Хэвлэгдсэн он | 2017 |
| 300 ## - ТООНЫ МЭДЭЭ | |
| Хуудасны тоо | 24х. |
| 336 ## - АГУУЛГЫН ТӨРӨЛ | |
| Нөөц | rdacontent |
| Агуулгын төрлийн нөхцөл | text |
| Агуулгын төрлийн код | txt |
| 337 ## - MEDIA TYPE | |
| Эх сурвалж | rdamedia |
| Файлын төрөл | unmediated |
| Файлын код | n |
| 338 ## - CARRIER TYPE | |
| Source | rdacarrier |
| Carrier type term | volume |
| Carrier type code | nc |
| 505 ## - FORMATTED CONTENTS NOTE | |
| Title | Цогтбаяр С.; Борхүү Одхүү Төмөрхүү гурвын адал явдал; шог зурагт ном; шог зураг; 0 |
| 650 ## - Сэдэв | |
| Сэдэв | 11039 |
| 942 ## - ЭЛЕМЕНТИЙН ТӨРӨЛ | |
| Анги | Аравтын ангилал |
| Төрөл | Ном |
| Буцаан татагдсан төлөв | Хасагдсан шалтгаан | Гэмтсэн төлөв | Данс заагч | Захиалах боломжгүй | Үндсэн номын сан | Одоогийн байршил | Салбар танхим | Салбар танхим | Бүртгэсэн огноо | Тавиурын заалт | Баркод | Үнэ | Хамгийн сүүлд байсан огноо | Нийт уншлаганд гарсан тоо | Дансны дугаар | Төрөл |
|---|---|---|---|---|---|---|---|---|---|---|---|---|---|---|---|---|
| Дархан Уул ХНО | Дархан Уул ХНО | Дархан ХНО | Монгол номын фонд | Дархан ХНО | Монгол номын фонд | 2024-08-22 | 808.899.282 Б- 335 | DXO4510011039 | 5000.00 | 2024-08-22 | 10011039 | Ном | ||||||
| Дархан Уул ХНО | Дархан Уул ХНО | Дархан ХНО | Монгол номын фонд | Дархан ХНО | Монгол номын фонд | 2024-08-22 | 808.899.282 Б- 335 | DXO4510011040 | 5000.00 | 2024-08-22 | 10011040 | Ном | ||||||
| Дархан Уул ХНО | Дархан Уул ХНО | Дархан ХНО | Монгол номын фонд | Дархан ХНО | Монгол номын фонд | 2024-08-22 | 808.899.282 Б- 335 | DXO4510011041 | 5000.00 | 2024-08-22 | 10011041 | Ном | ||||||
| Дархан Уул ХНО | Дархан Уул ХНО | Дархан ХНО | Монгол номын фонд | Дархан ХНО | Монгол номын фонд | 2024-08-22 | 808.899.282 Б- 335 | DXO4510011042 | 5000.00 | 2024-08-22 | 10011042 | Ном |